000 00839cam a22002291 4500
001 s 38000024
003 DLC
005 20260227111912.0
008 841220s1937 nyuae 000 0 eng c
010 _as 38000024
035 _a(OCoLC)11517181
040 _aSmithsonian inst. Library
_cDSI
_dDSI
_dDLC
050 0 0 _aV13.W3
_bF4
100 1 _aFerguson, Homer L.
_q(Homer Lenoir),
_d1873-1953.
245 0 4 _aThe Mariners' Museum,
_cby Homer L. Ferguson ...
260 _a[New York,
_c1937]
300 _a9 p.
_billus., plan.
_c28 cm.
500 _aCaption title.
500 _aAt head of title: No. 10.
500 _a"Advance copy of paper to be presented at the annual meeting of the Society of Naval Architects and Marine Engineers to be held at New York, November 18 and 19, 1937."
610 2 0 _aMariners' Museum (Newport News, Va.)
999 _c52734
_d52734